Statistics for NFL Football Analogies

Click here to take the quiz!

General Stats

  • This quiz has been taken 11,637 times
  • The average score is 12 of 20

Answer Stats

This is to this ... As … % Correct
Cincinnati is to BengalsMiami is to {Dolphins}
99%
Falcons are to AtlantaSeahawks are to {Seattle}
84%
Young is to Montana{Rodgers} is to Favre
82%
Hogettes are to
Washington D.C.
Cheeseheads are to
{Green} {Bay}
81%
Georgia Dome is to Falcons{Superdome} is to Saints
74%
Kraft is to Patriots{Jones} is to Cowboys
71%
Left Tackle is to Left GuardLeft Guard is to {Center}
69%
Cardinals are to St. LouisColts are to {Baltimore}
68%
Packers are to LambeauBears are to {Soldier}
66%
Montana is to Rice{Aikman} is to Irvin
64%
Knowshon is to MorenoPlaxico is to {Burress}
63%
Newton is to Superman{Cruz} is to Salsa Dance
61%
Neon is to DeionBroadway is to {Joe}
59%
Eli is to PeytonSterling is to {Shannon}
54%
Belichick is to Spygate{Payton} is to Bountygate
53%
Lawrence Taylor is to
The Waterboy
{Dan} {Marino} is to
Ace Ventura
41%
1985 is to Bears1997 is to {Broncos}
39%
Ragnar is to VikingsPoe is to {Ravens}
37%
MJD is to MauriceOJ is to {Orenthal}
31%
Rozelle is to TagliabueTagliabue is to {Goodell}
29%

Score Distribution

Percentile by Number Answered

Percent of People with Each Score

Your Score History

You have not taken this quiz